000 00916nam a2200241Ia 4500
003 OSt
005 20220923225335.0
006 a|||||r|||| 00| 0
007 ta
008 220922b |||||||| |||| 00| 0 hin d
024 _a263,689
037 _cTextual
040 _aARTS
_cARTS
_bhin
041 _2hin
_ahin
082 _aDelta2y7M63x, 152L7
100 _aविवेकानन्द
245 0 _aभगवान बुद्व का संसार को सन्देश एवं अन्य व्याख्यान और प्रवचन
246 _aBhagavān budva kā sansār ko sandesh evan anya vyākhyān aur pravachana
260 _aनागपुर
_b श्रीरामकृष्ण आश्रम
_c1977
300 _a178पृ.
_ccm.
942 _hDelta2y7M63x, 152L7
_cTEXL
_2CC
999 _c377643
_d377643